| 000 | 01142nam a22003251i 4500 | ||
|---|---|---|---|
| 999 |
_c608 _d608 |
||
| 001 | 016183971 | ||
| 003 | Uk | ||
| 005 | 20190904102444.0 | ||
| 008 | 101021s2012 enk 000|f|eng|d | ||
| 015 |
_aGBB5D1214 _2bnb |
||
| 016 | 7 |
_a016183971 _2Uk |
|
| 020 | _a9780230711266 (paperback) : | ||
| 040 |
_aStDuBDS _beng _cStDuBDS _erda |
||
| 042 | _aukblsr | ||
| 082 | _aFIC HER | ||
| 100 | 1 |
_aHerbert, James, _d1943-2013, _eauthor. |
|
| 245 | 1 | 0 |
_aAsh / _cJames Herbert. |
| 264 | 1 |
_aLondon : _bMacmillan, _c2012. |
|
| 300 |
_a692 pages. ; _c24 cm. |
||
| 336 |
_atext _2rdacontent |
||
| 337 |
_aunmediated _2rdamedia |
||
| 338 |
_avolume _2rdacarrier |
||
| 520 | _aParapsychologist David Ash is sent to a remote Scottish castle to investigate a series of bizarre and supernatural incidents. As one of the castle's residents is found crucified, Ash realizes that he is up against an overwhelming and incomprehensible evil. | ||
| 650 | 0 |
_aAsh, David (Fictitious character) _vFiction. |
|
| 650 | 0 | _asupernatural events | |
| 650 | 0 | _aghosts | |
| 655 | 0 | _aHorror tales. | |
| 942 |
_2ddc _cFIC |
||